000 00263nam a2200109Ia 4500
008 190216s9999||||xx |||||||||||||| ||und||
100 _aRobert Gover
245 0 _aOne Hundred Doller Misunderstanding Me
260 _bArrow Books
650 _aEnglish
942 _cBK
999 _c13315
_d13315